000 00295nam a22001337a 4500
008 190304b xxu||||| |||| 00| 0 eng d
020 _a9780075618126
041 _aeng
080 _28th
_a910
100 _a42
101 _aGJEO
245 _aPhysical Geology
_cPlummer,Ch.C
942 _2udc
_cBK
999 _c54408
_d54408